Impact of disease location on fecal calprotectin levels in Crohn's disease

Elmentve itt :
Bibliográfiai részletek
Szerzők: Gecse Krisztina B.
Brandse Johannan F.
Van Wilpe Sandra
Lowenberg Mark
Ponsioen Cyriel
Van den Brink Gijs
D'Haens Geert
Dokumentumtípus: Cikk
Megjelent: Informa Healthcare 2015
Sorozat:Scandinavian Journal of Gastroenterology 50 No. 7
Tárgyszavak:
doi:10.3109/00365521.2015.1008035

mtmt:2896261
Online Access:http://publicatio.bibl.u-szeged.hu/5917
LEADER 00986nab a2200277 i 4500
001 publ5917
005 20220922130429.0
008 151211s2015 hu o 0|| zxx d
022 |a 0036-5521 
024 7 |a 10.3109/00365521.2015.1008035  |2 doi 
024 7 |a 2896261  |2 mtmt 
040 |a SZTE Publicatio Repozitórium  |b hun 
041 |a zxx 
100 1 |a Gecse Krisztina B. 
245 1 0 |a Impact of disease location on fecal calprotectin levels in Crohn's disease  |h [elektronikus dokumentum] /  |c  Gecse Krisztina B. 
260 |a Informa Healthcare  |c 2015 
300 |a 841-847 
490 0 |a Scandinavian Journal of Gastroenterology  |v 50 No. 7 
650 4 |a Klinikai orvostan 
700 0 1 |a Brandse Johannan F.  |e aut 
700 0 2 |a Van Wilpe Sandra  |e aut 
700 0 2 |a Lowenberg Mark  |e aut 
700 0 2 |a Ponsioen Cyriel  |e aut 
700 0 2 |a Van den Brink Gijs  |e aut 
700 0 2 |a D'Haens Geert  |e aut 
856 4 0 |u http://publicatio.bibl.u-szeged.hu/5917/1/2896261_Gecse%20Scand%20J.pdf  |z Dokumentum-elérés